000 00476nam a2200169Ia 4500
008 230711s9999||||xx |||||||||||||| ||und||
041 _aENG
082 _a621.3192
_bBH-E
100 _aBhise,Gopal G
245 0 _aEngineering netwrok analysis and filter design : Including synthesis of one port networks
250 _a1st Ed.
260 _c1999
_aDelhi
_bUmesh Publications
300 _a1072p.
650 _aElectrical Engineering
700 _aChadha,Prem R
942 _cBK
999 _c6301
_d6301